Biblioteca ESET

¡Auxilio, el bebé no llega! : | guía básica y científica para entender los problemas (y los tratamientos) a la hora de buscar un embarazo (Registro nro. 193)

Detalles MARC
000 -CABECERA
fixed length control field 01267Cam#a22003495a#4500
003 - CONTROL NUMBER IDENTIFIER
control field AR-BeUNQ
005 - FECHA Y HORA DE LA ULTIMA TRANSACCION
control field 20241125141709.0
008 - ELEMENTOS DE LONGITUD FIJA-INFORMACION GENERAL
fixed length control field 150727s2015||||ag ||||### #000|0#spa#d
020 ## - NUMERO INTERNACIONAL NORMALIZADO PARA LIBROS
Número Internacional Normalizado del libro 9789876295420
040 ## - FUENTE DE CATALOGACION
Agencia de catalogación original AR-BeUNQ
Idioma de catalogación ESPAÑOL
Convenciones de la descripción aacr
Agencia que realiza la transcripción AR-BeUNQ
044 ## - COUNTRY OF PUBLISHING/PRODUCING ENTITY CODE
MARC country code ag
082 04 - NUMERO DE CLASIFICACION DECIMAL DEWEYMBER
Número de clasificación 618.178
Número de la edición 21
100 1# - ASIENTO PRINCIPAL-NOMBRE PERSONAL
Nombre personal Jadur, Silvia.
Término relacionador aut.
245 03 - MENCION DE TITULO
Título ¡Auxilio, el bebé no llega! :
Otra información sobre el título guía básica y científica para entender los problemas (y los tratamientos) a la hora de buscar un embarazo
Mención de responsabilidad, etc Silvia Jadur, Viviana Wainstein.
Medio físico libro
250 ## - MENCION DE EDICION
Mención de edición 1a.ed
260 ## - PUBLICACION, DISTRIBUCION, ETC.
Lugar de publicación, distribución, etc. Buenos Aires :
Nombre del editor, distribuidor, etc. Siglo Veintiuno,
Fecha de publicación, distribución, etc 2015.
300 ## - DESCRIPCION FISICA
Extensión 181 p. :
Otros detalles físicos il. ;
Dimensiones 19 cm.
490 1# - MENCION DE SERIE
Mención de serie Ciencia que ladra... / dirigida por Diego Golombek
500 ## - NOTA GENERAL
Nota general Fertilidad. Tratamientos para la concepción.
504 ## - NOTA DE BIBLIOGRAFIA, ETC.
Nota de bibliografía, etc. Bibliografía: p. 163-167.
600 ## - ASIENTO SECUNDARIO DE MATERIA - NOMBRE PERSONAL
Nombre personal Wainstein, Viviana
Títulos y otras palabras asociadas con el nombre coaut.
650 #7 - ASIENTO SECUNDARIO DE MATERIA - TERMINO TEMATICO
Término temático o nombre geográfico como elemento de entrada Divulgación científica
Fuente del encabezamiento o términ spines
650 #7 - ASIENTO SECUNDARIO DE MATERIA - TERMINO TEMATICO
Término temático o nombre geográfico como elemento de entrada Maternidad
Fuente del encabezamiento o términ toit
650 #7 - ASIENTO SECUNDARIO DE MATERIA - TERMINO TEMATICO
Término temático o nombre geográfico como elemento de entrada Embarazo
Fuente del encabezamiento o términ toit
650 #7 - ASIENTO SECUNDARIO DE MATERIA - TERMINO TEMATICO
Término temático o nombre geográfico como elemento de entrada Esterilidad
Fuente del encabezamiento o términ spines
650 #7 - ASIENTO SECUNDARIO DE MATERIA - TERMINO TEMATICO
Término temático o nombre geográfico como elemento de entrada Terapéutica
Fuente del encabezamiento o términ spines
653 ## - TERMINO DE INDIZACION - NO CONTROLADO
Término de indización no controlado Esterilidad
700 1# - ASIENTO SECUNDARIO - NOMBRE DE PERSONA
Personal name Wainstein, Viviana,
Relator term aut.
Relationship aut
830 #0 - ASIENTO SECUNDARIO DE SERIE--TITULO UNIFORME
Título uniforme Ciencia que ladra... (Siglo Veintiuno).
929 ## - DATOS DE ADQUISICION
Procedencia DONACION
Proveedor Diego Golombek
Precio 0
Número de inventario 57395
Número de Pase u otro número de Donación PAT0082801
Fecha de recibido 22/10/18
942 ## - ELEMENTOS DE PUNTO DE ACCESO ADICIONAL (KOHA)
Tipo de ítem Koha Libros
Suppress in OPAC 0
Existencias
Estado de retiro Estado de pérdida Ubicación permanente Ubicación actual Ubicación en estantería Fecha de ingreso Signatura topográfica completa Inventario Date last seen Número de copia Tipo de ítem Koha Operador
    Biblioteca ESET - UNQ Biblioteca ESET - UNQ SALA 26/11/2018 618. 57395 26/11/2018 1 Libros Gladys Alarcon

ESET UNQ

☏ 4365-7188
 Avenida República de Francia 1714 entre Doctor Kenny y Concordia, Ezpeleta, Bs As.
✉ secretaria_eset@unq.edu.ar

Con tecnología Koha